000 00652nam a2200289Ia 4500
005 20260127113135.0
008 008 260114s9999 xx 000 0 eng d
020 _a297784269
037 _aTextbook
040 _aPSDL
040 _beng
040 _cPSDL
041 _2eng
041 _aeng
084 _aV1:19 M5
084 _qPSDL
100 _aMinogue, Kenneth Robert
_91110179
245 0 _aAlien Powers
245 0 _cMinogue, Kenneth Robert
260 _aLondon
260 _bWeidenfeld and Nicolson
300 _a255p.
942 _cTB
942 _hV1:19 M5
999 _c1676299
_d1676299